Conreu forçat d'hortalisses i flors / per Vicens Nubiola
Descripción Física:
99 p. : il. ; 24 cm
Colección:
Textos d'ensenyament postal agrícola
MARC
| LEADER | 00000nam a2200000Ia 4500 | ||
|---|---|---|---|
| 001 | 403 | ||
| 008 | 160829s1923 xx 000 0 cat d | ||
| 710 | 2 | |a Catalunya. |b Mancomunitat |9 53015 | |
| 710 | 2 | |a Escola Superior d'Agricultura de Barcelona |9 70055 | |
| 952 | |0 0 |1 0 |4 0 |6 C1452 |7 1 |9 46108 |a Arxiu |b Arxiu |d 2016-12-01 |l 0 |o C-1-452 |p 403 |r 2016-12-01 00:00:00 |w 2016-12-01 |y ARXIU | ||
| 999 | |c 49610 |d 49610 | ||
| 080 | |a C-1-452 | ||
| 100 | |a Nubiola, Vicens |9 32807 | ||
| 245 | |a Conreu forçat d'hortalisses i flors / per Vicens Nubiola | ||
| 260 | |a Barcelona : |b Escola Superior d'Agricultura, |c 1923 | ||
| 300 | |a 99 p. : |b il. ; |c 24 cm | ||
| 490 | |a Textos d'ensenyament postal agrícola | ||
| 590 | |a A la part superior de la portada: Mancomunitat de Catalunya. Departament d'Agricultura. | ||
| 590 | |a Hi ha un duplicat a: DUP-59 | ||
| 650 | |a Floricultura |9 30385 | ||
| 650 | |a Horticultura |9 32808 | ||
| 901 | |a Arxiu | ||
| 942 | |n 1 |2 udc | ||